| 000 | 00720nam a2200217 4500 | ||
|---|---|---|---|
| 001 | 108515 | ||
| 003 | ES-MaACL | ||
| 005 | 20230906184644.0 | ||
| 007 | t| | ||
| 008 | 061121s1957 sp r ||||1| spa d | ||
| 100 | 1 |
_aMonier, Pierre. _982210 |
|
| 245 | 1 | 3 |
_aEl nuevo cineísta amateur _b: técnica, práctica, estética 8,9,5, y 16 mm / _cPierre Monier; con la colaboración de Suzanne Monier; traducción por Luis Jordá. |
| 260 |
_aBarcelona : _bOmega, _c1957. |
||
| 300 |
_a362 p., 1 lám ; _c24 cm. |
||
| 490 | 1 | _aFoto biblioteca | |
| 700 | 1 |
_aMonier, Suzanne. _982212 |
|
| 700 | 1 |
_aJordá, Luis. _966897 |
|
| 830 | 0 |
_aFoto biblioteca _9181378 |
|
| 852 |
_aES-MaACL _jC-13779 _bR.41550 |
||
| 999 |
_c108515 _d108515 |
||